000 01476nam a2200349Ia 4500
001 ebr10597936
003 CaPaEBR
006 m u
007 cr cn|||||||||
008 010726s2001 gw a sb 100 0 eng d
010 _z 2001047182
020 _z3110168103 (cloth : alk. paper)
020 _z9783110168105
020 _z9783110889178
040 _aCaPaEBR
_cCaPaEBR
035 _a(OCoLC)815506880
050 1 4 _aQA267.7
_b.A87 2001eb
082 0 4 _a511.3
_221
245 0 0 _aAspects of complexity
_h[electronic resource] :
_bminicourses in algorithmics, complexity and computational algebra : mathematics workshop, Kaikoura, January 7-15, 2000 /
_ceditors Rod Downey, Denis Hirschfeldt.
260 _aBerlin ;
_aNew York :
_bWalter de Gruyter,
_c2001.
300 _avi, 169 p. :
_bill.
490 0 _aDe Gruyter series in logic and its applications ;
_v4
504 _aIncludes bibliographical references.
533 _aElectronic reproduction.
_bPalo Alto, Calif. :
_cebrary,
_d2011.
_nAvailable via World Wide Web.
_nAccess may be limited to ebrary affiliated libraries.
650 0 _aComputational complexity
_vCongresses.
650 0 _aMachine theory
_vCongresses.
655 7 _aElectronic books.
_2local
700 1 _aDowney, R. G.
_q(Rod G.)
700 1 _aHirschfeldt, Denis Roman.
710 2 _aebrary, Inc.
856 4 0 _uhttp://site.ebrary.com/lib/rucke/Doc?id=10597936
_zAn electronic book accessible through the World Wide Web; click to view
999 _c108897
_d108897